000 00975nam0a22002411 4500
001 rc\645088
005 20260406165648.0
035 _a(NLR Aleph) 005885814
090 _a6125829
_c6125829
100 _a20031121d1986 |||y0rusy50 ca
101 0 _arus
102 _aRU
105 _aa |||||||||
200 1 _aРемонт и эксплуатация металлургического оборудования
_eТемат. сб. науч. тр.
_fВНИИ автоматизации чер. металлургии
_g[Редкол.: В.Г. Урчукин (пред.) и др.]
210 _aМ.
_cМеталлургия
_d1986
215 _a128 с.
_cил.
_d21
702 1 _aУрчукин
_bВ.Г.
_gВиктор Григорьевич
_4340
712 0 2 _aВНИИ автоматизации черной металлургии
_3RU\NLR\AUTH\889937017
_9368816
801 0 _aRU
_bNLR
_gpsbo
801 1 _aRU
_bELAR
_2rusmarc
852 _aNLR
_j86-3/11667
942 _cBOOK
980 _aNB